True tales of central Texas /

Bibliographic Details
Main Author: Kemp, Willie
Format: Book
Language:English
Published: Austin, Tex. : Kemp, [1979]
Subjects:

MARC

Tag First Indicator Second Indicator Subfields
LEADER 00000cam a2200000 a 4500
001 in00000647513
005 20190207094820.0
008 791012s1979 txua 00010aengm
010 |a  79117310  
035 |a (OCoLC)05507487 
035 |9 ACW0794AM 
040 |a DLC  |c DLC  |d m.c.  |d TXA  |d UtOrBLW 
043 |a n-us-tx 
049 |a TXAS  |c [1701645] 
050 0 0 |a CT275.K4513  |b A35 
082 0 |a 976.4/00994  |a B 
100 1 |a Kemp, Willie. 
245 1 0 |a True tales of central Texas /  |c as told by Willie Kemp. 
264 1 |a Austin, Tex. :  |b Kemp,  |c [1979] 
264 4 |c ©1979 
300 |a ix, 381 pages :  |b illustrations ;  |c 23 cm. 
336 |a text  |b txt  |2 rdacontent 
337 |a unmediated  |b n  |2 rdamedia 
338 |a volume  |b nc  |2 rdacarrier 
500 |a The Cushing Library/Chapman Texas Collection copy is part of the Floyd & Louise Chapman Texas & Borderlands Collection.  |5 TXA 
600 1 0 |a Kemp, Willie. 
651 0 |a Texas  |v Biography. 
999 |a MARS 
999 f f |s 20008dcd-79d0-31d5-b66c-f82df0d8b255  |i 1a7c1855-b31d-3720-bdf1-1ceae4185c96  |t 0 
952 f f |p noncirc  |a Texas A&M University  |b College Station  |c Cushing Memorial Library & Archives  |d Cushing: Chapman Texas Collection (Does not check out)  |t 0  |e CT275.K4513 A35  |h Library of Congress classification  |i unmediated -- volume  |m A14852117572 
998 f f |a CT275.K4513 A35  |t 0  |l Cushing: Chapman Texas Collection (Does not check out)